| 000 | 00424nam a2200157Ia 4500 | ||
|---|---|---|---|
| 008 | 210716s2002 xx 000 0 und d | ||
| 020 | _a9814126179 | ||
| 041 | _aeng | ||
| 082 | _a519.54 RAOC | ||
| 100 | _aRao, C Radhakrishna. | ||
| 245 | _aLinear statistical inference and its applications. | ||
| 250 | _a2 | ||
| 260 |
_aSingapore _bJohn Wiley & sons _c2002 |
||
| 300 | _axx,625 | ||
| 650 | _aLinear Programming(519.72) | ||
| 999 |
_c186189 _d186189 |
||